5HLuxD.jpg

KING HENRY VIII SENIOR AND PRIMARY SCHOOL LIBRARY OPAC

Practice tests for IGCSE English as a second language. (Record no. 2843)

000 -LEADER
fixed length control field 01591nam a2200397 a 4500
001 - CONTROL NUMBER
control field 015540020
003 - CONTROL NUMBER IDENTIFIER
control field Uk
005 - DATE AND TIME OF LATEST TRANSACTION
control field 20230823151323.0
008 - FIXED-LENGTH DATA ELEMENTS--GENERAL INFORMATION
fixed length control field 110812s2010 enkab 000 0 eng d
010 ## - LIBRARY OF CONGRESS CONTROL NUMBER
LC control number 2011453667
015 ## - NATIONAL BIBLIOGRAPHY NUMBER
National bibliography number GBB2A3796
Source bnb
016 7# - NATIONAL BIBLIOGRAPHIC AGENCY CONTROL NUMBER
Record control number 015540020
Source Uk
020 ## - INTERNATIONAL STANDARD BOOK NUMBER
International Standard Book Number 9780521140614 (pbk.)
035 ## - SYSTEM CONTROL NUMBER
System control number (OCoLC)ocn707949700
040 ## - CATALOGING SOURCE
Original cataloging agency NTU
Transcribing agency NTU
Modifying agency BTCTA
-- CUD
-- YDXCP
-- DLC
-- Uk
-- KH8
042 ## - AUTHENTICATION CODE
Authentication code ukblcatcopy
082 00 - DEWEY DECIMAL CLASSIFICATION NUMBER
Classification number 428.240 BAR
Edition number 23
100 10 - MAIN ENTRY--PERSONAL NAME
Personal name Barry, Marian,
Relator term author.
245 10 - TITLE STATEMENT
Title Practice tests for IGCSE English as a second language.
Name of part/section of a work Reading and writing.
Number of part/section of a work Bk. 1, with key /
Statement of responsibility, etc. Marian Barry, Barbara Campbell, Sue Daish.
246 30 - VARYING FORM OF TITLE
Title proper/short title IGCSE English as a second language. Reading and writing
260 ## - PUBLICATION, DISTRIBUTION, ETC.
Place of publication, distribution, etc. Cambridge :
Name of publisher, distributor, etc. Cambridge University Press,
Date of publication, distribution, etc. 2010.
300 ## - PHYSICAL DESCRIPTION
Extent 96 p. :
Other physical details ill., maps ;
Dimensions 28 cm.
336 ## - CONTENT TYPE
Content type term text
Source rdacontent
337 ## - MEDIA TYPE
Media type term unmediated
Source rdamedia
338 ## - CARRIER TYPE
Carrier type term volume
Source rdacarrier
500 ## - GENERAL NOTE
General note "First published by Georgian Press (Jersey) Limited 2006"--T.p. verso.
500 ## - GENERAL NOTE
General note "Endorsed by University of Cambridge International Examinations"--Cover.
650 #0 - SUBJECT ADDED ENTRY--TOPICAL TERM
Topical term or geographic name entry element English language
Form subdivision Textbooks for foreign speakers.
650 #0 - SUBJECT ADDED ENTRY--TOPICAL TERM
Topical term or geographic name entry element Reading (Higher education)
Form subdivision Problems, exercises, etc.
650 #0 - SUBJECT ADDED ENTRY--TOPICAL TERM
Topical term or geographic name entry element English language
General subdivision Rhetoric
Form subdivision Problems, exercises, etc.
650 #0 - SUBJECT ADDED ENTRY--TOPICAL TERM
Topical term or geographic name entry element English language
General subdivision Examinations
Form subdivision Study guides.
700 1# - ADDED ENTRY--PERSONAL NAME
Personal name Campbell, Barbara,
Dates associated with a name 1957-
Relator term author.
700 1# - ADDED ENTRY--PERSONAL NAME
Personal name Daish, Sue,
Relator term author.
710 2# - ADDED ENTRY--CORPORATE NAME
Corporate name or jurisdiction name as entry element University of Cambridge.
Subordinate unit Local Examinations Syndicate.
-- International Examinations.
942 ## - ADDED ENTRY ELEMENTS (KOHA)
Source of classification or shelving scheme
Koha item type Teaching Resources
Holdings
Withdrawn status Lost status Source of classification or shelving scheme Damaged status Not for loan Collection code Permanent Location Current Location Shelving location Date acquired Total Checkouts Full call number Barcode Date due Date last seen Date last checked out Price effective from Koha item type
          Teaching Resources KH8 Senior School Library KH8 Senior School Library Staff Office 2023-08-23 1 428.240 BAR TRKHSL002303 2025-07-04 2024-11-05 2024-11-05 2023-08-23 Teaching Resources

Powered By KH8 IT Dept